<?xml version="1.0" encoding="UTF-8"?>
<record
    xmlns:xsi="http://www.w3.org/2001/XMLSchema-instance"
    xsi:schemaLocation="http://www.loc.gov/MARC21/slim http://www.loc.gov/standards/marcxml/schema/MARC21slim.xsd"
    xmlns="http://www.loc.gov/MARC21/slim">

  <leader>02314nam a2200217Ia 4500</leader>
  <controlfield tag="008">120625s2004    mx            000 0 spa d</controlfield>
  <datafield tag="020" ind1=" " ind2=" ">
    <subfield code="a">9700744825</subfield>
  </datafield>
  <datafield tag="050" ind1=" " ind2="4">
    <subfield code="a">KGF1789 </subfield>
    <subfield code="b">B85 2004</subfield>
  </datafield>
  <datafield tag="100" ind1="1" ind2=" ">
    <subfield code="a">Buen L., N&#xE9;stor de (Buen Lozano)</subfield>
    <subfield code="e">, autor.</subfield>
    <subfield code="9">37853</subfield>
  </datafield>
  <datafield tag="245" ind1="1" ind2="0">
    <subfield code="a">Derecho del trabajo</subfield>
    <subfield code="b">: conceptos generales</subfield>
    <subfield code="c"> / Nestor de Buen L.</subfield>
  </datafield>
  <datafield tag="250" ind1=" " ind2=" ">
    <subfield code="a">16a. ed. rev. y act.</subfield>
  </datafield>
  <datafield tag="260" ind1="3" ind2=" ">
    <subfield code="a">M&#xE9;xico </subfield>
    <subfield code="b">: Porr&#xFA;a</subfield>
    <subfield code="c">, 2004.</subfield>
  </datafield>
  <datafield tag="300" ind1=" " ind2=" ">
    <subfield code="a">673 p&#xE1;ginas.</subfield>
  </datafield>
  <datafield tag="336" ind1=" " ind2=" ">
    <subfield code="a">Texto</subfield>
  </datafield>
  <datafield tag="337" ind1=" " ind2=" ">
    <subfield code="a">Sin medio</subfield>
  </datafield>
  <datafield tag="338" ind1=" " ind2=" ">
    <subfield code="a">Volumen</subfield>
  </datafield>
  <datafield tag="505" ind1="1" ind2=" ">
    <subfield code="a">Introducci&#xF3;n al derecho del trabajo
El concepto del derecho del trabajo
Denominaci&#xF3;n
La ordenaci&#xF3;n sistem&#xE1;tica del derecho del trabajo
Las caracte&#xB4;risticas del derecho del trabajo
Los principios fundamentales del derecho mexicano del trabajo
La naturaleza jur&#xED;dica del derecho del trabajo
La relaci&#xF3;n del derecho del trabajo con otras disciplinas
La definici&#xF3;n del derecho del trabajo
Historia del movimiento obrero y del derecho del trabajo
A. Europa
El socialismo ut&#xF3;pico
De la "carta de pueblo" al marxismo
EL escisi&#xF3;n del socialismo y las internacionales
Las constituciones sociales y el totalitarismo: Europa entre dos guerras
Europa desu&#xE9;s de la segunda guerra mundial
Europa en crisis
B. Estados Unidos de Norteamerica
El movimiento obrero y el derecho laboral en los Estados Unidos de Norteamerica
C. M&#xE9;xico
La prehistoria
La revoluci&#xF3;n
La constituci&#xF3;n de 1917
De Venustiano Carranza a L&#xE1;zaro C&#xE1;rdenas
El retroceso del movimiento obrero: la v&#xED;a hacia el capitalismo
El capitalismo socializado y sus crisis
Neoliberalismo
EL derecho internacional del trabajo
La organizaci&#xF3;n internacional del trabajo
Teor&#xED;a general del derecho del trabajo Introducci&#xF3;n
Las normas de trabajo
Interpretaci&#xF3;n de las normas de trabajo
Los sujetos de la relaci&#xF3;n laboral: los trabajadores
Los sujetos de la relaci&#xF3;n laboral: los patrones
El acto jur&#xED;dico laboral
Los elementos del negocio jur&#xED;dico
Las nulidades en el derecho del trabajo
La relaci&#xF3;n laboral
La viscitudes de la relaci&#xF3;n laboral
La responsabilidad
Los riesgos de trabajo
Derecho sucesorio laboral y derecho de los beneficiarios La prescripci&#xF3;n</subfield>
  </datafield>
  <datafield tag="519" ind1=" " ind2=" ">
    <subfield code="a">Plan flexible / </subfield>
    <subfield code="b">Derecho /</subfield>
    <subfield code="c">Derecho del trabajo I (P10) / </subfield>
    <subfield code="d">(04 000604)</subfield>
  </datafield>
  <datafield tag="650" ind1="1" ind2="4">
    <subfield code="a">LEYES LABORALES Y LEGISLACI&#xD3;N </subfield>
    <subfield code="z">M&#xC9;XICO</subfield>
    <subfield code="9">37854</subfield>
  </datafield>
  <datafield tag="942" ind1=" " ind2=" ">
    <subfield code="c">LB</subfield>
  </datafield>
  <datafield tag="952" ind1=" " ind2=" ">
    <subfield code="0">0</subfield>
    <subfield code="1">0</subfield>
    <subfield code="4">0</subfield>
    <subfield code="7">0</subfield>
    <subfield code="a">04</subfield>
    <subfield code="b">04</subfield>
    <subfield code="d">2007-06-06</subfield>
    <subfield code="l">8</subfield>
    <subfield code="m">1</subfield>
    <subfield code="o">KGF1789 B85 2004</subfield>
    <subfield code="p">04 000604</subfield>
    <subfield code="r">2018-10-06</subfield>
    <subfield code="s">2017-02-02</subfield>
    <subfield code="t">1</subfield>
    <subfield code="w">2012-06-24</subfield>
    <subfield code="y">LB</subfield>
  </datafield>
  <datafield tag="999" ind1=" " ind2=" ">
    <subfield code="c">61767</subfield>
    <subfield code="d">61767</subfield>
  </datafield>
</record>
